| 000 | 005060000a22001810004500 | ||
|---|---|---|---|
| 003 | MACL | ||
| 005 | 20160503150357.0 | ||
| 008 | 160503b xxu||||| |||| 00| 0 eng d | ||
| 040 |
_aMACL _cMACL |
||
| 041 | _aHindi | ||
| 082 | _a800 KAS | ||
| 100 |
_aकश्यप, श्याम _954964 |
||
| 245 | _aमुठभेड | ||
| 260 |
_bआकार प्रकाशन _c1992 _aनई दिल्ली |
||
| 350 | _a125 | ||
| 650 |
_aLiterature _954965 |
||
| 942 |
_cHIN _k800/KAS/L _2ddc |
||
| 999 |
_c20762 _d20762 |
||